000
00274nam a22001097a 4500
008
170123b xxu||||| |||| 00| 0 eng d
020
_a
9780071387705
041
_a
eng
080
_a
618.2
245
_a
CURRENT CARE OF WOMEN DIAGNOSIS & TREATMEENT
_c
LEMCKE, D
942
_2
udc
_c
BK
999
_c
3393
_d
3393